[Event "26th WSCC 2016 Open 50+"]
[Site "Marianske Lazne, Czech Republic - Hotel Cristal and Continental"]
[Date "2016.11.27"]
[Round "8.16"]
[White "Pastircak, Milan"]
[Black "Smolin, Sergey"]
[Result "1/2-1/2"]
[WhiteElo "2362"]
[BlackElo "2224"]
[PlyCount "64"]
[EventDate "2016.11.19"]

1. e4 g6 2. d4 Bg7 3. Nc3 a6 4. Be3 b5 5. Qd2 Bb7 6. f3 d6 7. a4 b4 8. Nd1 a5
9. c3 bxc3 10. bxc3 Nd7 11. Bd3 e6 12. Ne2 h6 13. Nf2 Ne7 14. O-O Qc8 15. Rac1
Ba6 16. c4 c5 17. Bb1 Qc6 18. Rfd1 Nb6 19. Bd3 e5 20. d5 Qc7 21. Rc2 h5 22. Rb1
O-O 23. g3 Rfb8 24. Ra1 Qd7 25. Kg2 Qe8 26. Nd1 Nxa4 27. Rca2 Nb6 28. Nb2 a4
29. Qc2 Bc8 30. Nxa4 Nxa4 31. Rxa4 Rxa4 32. Rxa4 Qd7 1/2-1/2

[Event "26th WSCC 2016 Open 50+"]
[Site "Marianske Lazne, Czech Republic - Hotel Cristal and Continental"]
[Date "2016.11.27"]
[Round "8.17"]
[White "Buchal, Stephan"]
[Black "Thuesen, Mogens"]
[Result "1/2-1/2"]
[WhiteElo "2339"]
[BlackElo "2207"]
[PlyCount "155"]
[EventDate "2016.11.19"]

1. c4 Nf6 2. g3 e6 3. Nf3 d5 4. Bg2 c5 5. O-O Nc6 6. b3 Be7 7. e3 O-O 8. Bb2 b6
9. Nc3 Bb7 10. cxd5 Nxd5 11. Nxd5 Qxd5 12. d4 Rfd8 13. Ne5 Qd6 14. Qf3 Nxe5 15.
Qxb7 Nd3 16. Ba3 Rac8 17. Qxa7 Rc7 18. Qa6 Nb4 19. Bxb4 cxb4 20. Rac1 g6 21.
Rc4 Rdd7 22. Qb5 Rxc4 23. Qxc4 Rc7 24. Qe2 Rc3 25. Rd1 Qc7 26. Be4 Rc1 27. Rxc1
Qxc1+ 28. Kg2 Kg7 29. h4 h5 30. Qb5 Qc7 31. Bf3 Qd6 32. Bc6 Bd8 33. Qc4 Bf6 34.
Qb5 Bd8 35. f4 Bc7 36. Kf3 Bd8 37. Ke2 Qc7 38. Qc4 Be7 39. e4 Qa7 40. Qc2 Qa6+
41. Kf2 Qa5 42. Qd2 Bf6 43. Kg2 Be7 44. Kh2 Kg8 45. Qe2 Bf6 46. e5 Be7 47. Qg2
Kg7 48. Kh3 Qa6 49. Qd2 Qf1+ 50. Kh2 Qa1 51. Be4 Bf8 52. Kg2 Be7 53. Bf3 Bf8
54. Kf2 Be7 55. Bd1 Bd8 56. Ke3 b5 57. Ke4 Bb6 58. d5 Qb1+ 59. Kf3 exd5 60.
Qxd5 Qxa2 61. Qd3 Qf2+ 62. Ke4 Qe1+ 63. Kd5 Bf2 64. g4 hxg4 65. Bxg4 Qh1+ 66.
Qf3 Qxh4 67. f5 Qd8+ 68. Kc6 Qb6+ 69. Kd7 Qd4+ 70. Kc8 Qc5+ 71. Kb7 Qa7+ 72.
Kc6 gxf5 73. Qxf5 Qb6+ 74. Kd7 Qb7+ 75. Kd6 Bh4 76. Qd7 Qxd7+ 77. Bxd7 Bg3 78.
Kd5 1/2-1/2

[Event "26th WSCC 2016 Open 50+"]
[Site "Marianske Lazne, Czech Republic - Hotel Cristal and Continental"]
[Date "2016.11.27"]
[Round "8.18"]
[White "Grant, Jonathan I M"]
[Black "Grigoryan, Karen"]
[Result "1/2-1/2"]
[WhiteElo "2218"]
[BlackElo "2332"]
[PlyCount "76"]
[EventDate "2016.11.19"]

1. c4 e5 2. g3 Nf6 3. Bg2 c6 4. Nf3 d6 5. O-O g6 6. Nc3 Bg7 7. d4 e4 8. Ng5 d5
9. cxd5 cxd5 10. f3 exf3 11. Nxf3 h6 12. Qa4+ Nc6 13. Ne5 O-O 14. Nxc6 bxc6 15.
Qxc6 Be6 16. e3 Rb8 17. Qc5 Qd7 18. b3 Rfc8 19. Qa5 Bh3 20. Bd2 h5 21. Rf4 Bxg2
22. Kxg2 Rc6 23. Raf1 Rbc8 24. Na4 Rc2 25. Rxf6 Bxf6 26. Rxf6 Qe7 27. Rf2 Qe4+
28. Kh3 Qg4+ 29. Kg2 h4 30. Qxd5 h3+ 31. Kg1 Rc1+ 32. Bxc1 Rxc1+ 33. Rf1 Rxf1+
34. Kxf1 Qd1+ 35. Kf2 Qd2+ 36. Kf1 Qd1+ 37. Kf2 Qd2+ 38. Kf1 Qd1+ 1/2-1/2

[Event "26th WSCC 2016 Open 50+"]
[Site "Marianske Lazne, Czech Republic - Hotel Cristal and Continental"]
[Date "2016.11.27"]
[Round "8.19"]
[White "Lacina, Adolf"]
[Black "Schroll, Gerhard"]
[Result "1/2-1/2"]
[WhiteElo "2206"]
[BlackElo "2314"]
[PlyCount "76"]
[EventDate "2016.11.19"]

1. e4 e5 2. Nf3 Nc6 3. Bb5 f5 4. d3 fxe4 5. dxe4 Nf6 6. Nc3 Bc5 7. O-O d6 8. h3
O-O 9. Ng5 Kh8 10. Bc4 Qe8 11. Nd5 Bb6 12. Nxf6 Rxf6 13. Be3 h6 14. Bxb6 axb6
15. Nf3 Qg6 16. Qd3 Rf4 17. Nd2 Bd7 18. c3 Raf8 19. Rae1 Nd8 20. Re3 R4f6 21.
Qe2 Ne6 22. Bxe6 Bxe6 23. Rg3 Qf7 24. a3 Rf4 25. Rf3 Rxf3 26. Qxf3 Qxf3 27.
Nxf3 g5 28. Nd2 Kg7 29. Re1 Kf6 30. Nf1 Ra8 31. Ne3 Ra4 32. f3 h5 33. Kf2 c6
34. Rd1 Ke7 35. g4 h4 36. Nf5+ Bxf5 37. gxf5 Ra8 38. Ke3 b5 1/2-1/2

[Event "26th WSCC 2016 Open 50+"]
[Site "Marianske Lazne, Czech Republic - Hotel Cristal and Continental"]
[Date "2016.11.27"]
[Round "8.20"]
[White "Bergstrom, Rolf"]
[Black "Kozak, Milos"]
[Result "1/2-1/2"]
[WhiteElo "2296"]
[BlackElo "2159"]
[PlyCount "79"]
[EventDate "2016.11.19"]

1. b3 e5 2. Bb2 Nc6 3. e3 Nf6 4. Bb5 Bd6 5. Ne2 a6 6. Bxc6 dxc6 7. d3 O-O 8.
Nd2 b5 9. O-O Bg4 10. Qe1 Qe7 11. a3 Rae8 12. e4 Nh5 13. f3 Bc8 14. Kh1 Qg5 15.
g4 Nf4 16. Nxf4 Qxf4 17. Bc1 Qf6 18. Rg1 Bc5 19. Rg2 Bd4 20. Rb1 Bc3 21. Qe2
Bxd2 22. Bxd2 Qd6 23. Qf2 Qxa3 24. Be3 Qa2 25. Qe1 Qa3 26. Qg1 Qd6 27. Bc5 Qf6
28. Qe3 Rd8 29. Bxf8 Kxf8 30. Rf2 Qd6 31. Kg2 Kg8 32. h3 c5 33. f4 exf4 34.
Qxf4 Qe7 35. Rbf1 Be6 36. Qe5 f6 37. Qc3 h6 38. Rf4 Bc8 39. Kg1 Rd4 40. Kg2
1/2-1/2

[Event "26th WSCC 2016 Open 50+"]
[Site "Marianske Lazne, Czech Republic - Hotel Cristal and Continental"]
[Date "2016.11.27"]
[Round "8.21"]
[White "Hartung-Nielsen, Jens"]
[Black "Kutynec, Vladimir"]
[Result "0-1"]
[WhiteElo "2200"]
[BlackElo "2295"]
[PlyCount "68"]
[EventDate "2016.11.19"]

1. d4 Nf6 2. Nf3 e6 3. e3 c5 4. Bd3 b6 5. O-O Ba6 6. c4 Nc6 7. Nc3 Bd6 8. b3
O-O 9. Bb2 Re8 10. Re1 e5 11. dxe5 Nxe5 12. Bxh7+ Nxh7 13. Qxd6 Nxf3+ 14. gxf3
Re6 15. Qf4 Rf6 16. Qe5 Ng5 17. Qxg5 Rg6 18. Qxg6 fxg6 19. e4 Qg5+ 20. Kh1 Qh5
21. Kg2 Rf8 22. Re3 d6 23. Nd5 Rf7 24. Rg1 b5 25. cxb5 Bxb5 26. Nc3 Bd7 27. Ne2
d5 28. exd5 Qxd5 29. Nc3 Qh5 30. Ne4 Rxf3 31. Ng3 Qd5 32. Rxf3 Bg4 33. h3 Bxf3+
34. Kh2 Qd2 0-1

[Event "26th WSCC 2016 Open 50+"]
[Site "Marianske Lazne, Czech Republic - Hotel Cristal and Continental"]
[Date "2016.11.27"]
[Round "8.22"]
[White "Koehler, Gerhard"]
[Black "Syrchikov, Alexander"]
[Result "1/2-1/2"]
[WhiteElo "2182"]
[BlackElo "2416"]
[PlyCount "94"]
[EventDate "2016.11.19"]

1. c4 e5 2. g3 Nf6 3. Bg2 d5 4. cxd5 Nxd5 5. Nc3 Nb6 6. Nf3 Nc6 7. O-O Be7 8.
Rb1 Be6 9. b4 a6 10. a3 O-O 11. d3 f6 12. Bb2 Qd7 13. Re1 Kh8 14. Ne4 Nd5 15.
Qc2 Bh3 16. Bh1 Rac8 17. Red1 Qe6 18. Rbc1 Rfd8 19. d4 exd4 20. Nxd4 Nxd4 21.
Rxd4 c6 22. e3 b6 23. Qe2 f5 24. Nc3 Nxc3 25. Bxc3 Rxd4 26. Bxd4 c5 27. Qxa6 f4
28. bxc5 bxc5 29. Qxe6 Bxe6 30. Be5 fxe3 31. fxe3 Bb3 32. h4 c4 33. a4 Bc5 34.
Kf2 Rf8+ 35. Ke2 Re8 36. Bf4 Ba3 37. Rc3 Bb4 38. Rc1 Bxa4 39. Bd5 c3 40. Kd3 c2
41. e4 Rc8 42. Bc4 Rd8+ 43. Bd5 Bb3 44. Ra1 Bxd5 45. exd5 Rxd5+ 46. Kxc2 Rd8
47. Ra7 Bf8 1/2-1/2

[Event "26th WSCC 2016 Open 50+"]
[Site "Marianske Lazne, Czech Republic - Hotel Cristal and Continental"]
[Date "2016.11.27"]
[Round "8.23"]
[White "Sykora, Ondrej"]
[Black "Brito, Luismar"]
[Result "0-1"]
[WhiteElo "2179"]
[BlackElo "2242"]
[PlyCount "120"]
[EventDate "2016.11.19"]

1. e4 b6 2. d4 Bb7 3. Bd3 Nf6 4. Qe2 Nc6 5. c3 e5 6. d5 Ne7 7. Nf3 Ng6 8. g3 c6
9. c4 Bb4+ 10. Nbd2 Qe7 11. a3 Bxd2+ 12. Nxd2 d6 13. Nf1 Nf8 14. Ne3 g6 15.
dxc6 Bxc6 16. Nd5 Nxd5 17. cxd5 Bd7 18. O-O Bh3 19. Re1 h5 20. Bb5+ Nd7 21. Bc6
Rd8 22. Qa6 Qf6 23. Qe2 g5 24. b4 Ke7 25. a4 a5 26. Qe3 axb4 27. Rb1 Nc5 28.
Rxb4 Rb8 29. Qxg5 Qxg5 30. Bxg5+ f6 31. Be3 Nd3 32. Reb1 Nxb4 33. Rxb4 f5 34.
exf5 Bxf5 35. Bxb6 h4 36. g4 Bxg4 37. Rxg4 Rxb6 38. Rg7+ Kf8 39. Rd7 Rh6 40.
Rd8+ Kg7 41. Rd7+ Kf6 42. Rxd6+ Kg5 43. Rxh6 Kxh6 44. Kg2 Kg5 45. Kf3 Kf5 46.
Bd7+ Kf6 47. Bb5 Ke7 48. Ke4 Rf6 49. Kxe5 Rxf2 50. d6+ Kd8 51. Bc6 h3 52. a5
Rxh2 53. Kf4 Rc2 54. Bb7 Rc3 55. a6 Ra3 56. Bh1 h2 57. Bd5 Ra1 58. a7 Rxa7 59.
Kg3 Rh7 60. Bh1 Kd7 0-1

[Event "26th WSCC 2016 Open 50+"]
[Site "Marianske Lazne, Czech Republic - Hotel Cristal and Continental"]
[Date "2016.11.27"]
[Round "8.24"]
[White "Hrbolka, Ladislav"]
[Black "Fritsch, Rolf"]
[Result "0-1"]
[WhiteElo "2094"]
[BlackElo "2235"]
[PlyCount "138"]
[EventDate "2016.11.19"]

1. d4 Nf6 2. Nf3 g6 3. c4 Bg7 4. Nc3 O-O 5. e4 d6 6. Be2 Na6 7. O-O c5 8. d5 h5
9. Bg5 Nh7 10. Be3 f5 11. exf5 Bxf5 12. Qd2 Nc7 13. Bd3 Qd7 14. Rfe1 a6 15. a4
Rf7 16. Bxf5 Qxf5 17. h3 Bf6 18. Rad1 Rb8 19. Qd3 b5 20. axb5 axb5 21. cxb5
Qxd3 22. Rxd3 c4 23. Rd4 Bxd4 24. Nxd4 Rb7 25. Nc6 Nxb5 26. Nd8 Nxc3 27. bxc3
Rb5 28. Nxf7 Kxf7 29. Ra1 Nf6 30. Ra4 Nxd5 31. Rxc4 Rb1+ 32. Kh2 Nxe3 33. fxe3
Re1 34. Rf4+ Ke6 35. Re4+ Kf6 36. Kg3 d5 37. Rf4+ Ke5 38. Kf2 Rc1 39. g4 h4 40.
g5 Rxc3 41. Rxh4 Kf5 42. Rd4 Rc5 43. h4 e5 44. Ra4 Rc4 45. Ra6 Rxh4 46. Rf6+
Kxg5 47. Rd6 d4 48. exd4 Rxd4 49. Ra6 Rf4+ 50. Ke3 Kf5 51. Ra8 Rb4 52. Rf8+ Kg4
53. Re8 e4 54. Rf8 Rb3+ 55. Kxe4 g5 56. Rf1 Rb5 57. Rg1+ Kh3 58. Ra1 g4 59. Ke3
g3 60. Ra8 Rf5 61. Rh8+ Kg2 62. Ra8 Rf7 63. Ra2+ Kh3 64. Ra8 Rh7 65. Rg8 g2 66.
Kf2 Rf7+ 67. Ke3 Kh2 68. Rh8+ Kg1 69. Ra8 Rh7 0-1

[Event "26th WSCC 2016 Open 50+"]
[Site "Marianske Lazne, Czech Republic - Hotel Cristal and Continental"]
[Date "2016.11.27"]
[Round "8.25"]
[White "Chan, Peng Kong"]
[Black "Baimurzin, Aitkazy"]
[Result "0-1"]
[WhiteElo "2233"]
[BlackElo "2132"]
[PlyCount "86"]
[EventDate "2016.11.19"]

1. d4 d6 2. Nf3 Nf6 3. g3 g6 4. Bg2 Bg7 5. O-O O-O 6. c4 Nc6 7. Nc3 a6 8. Qd3
Rb8 9. d5 Na7 10. a4 c5 11. a5 b5 12. axb6 Rxb6 13. h3 Nd7 14. Kh2 Rb4 15. Ra3
h6 16. b3 Rb8 17. Bd2 Bb7 18. Re1 Re8 19. e4 e5 20. Ng1 Rf8 21. Nge2 f5 22.
exf5 gxf5 23. f4 Nc8 24. Qc2 Qf6 25. Raa1 Ne7 26. Rf1 Qg6 27. Rae1 h5 28. Ng1
e4 29. h4 Nf6 30. Nd1 Ng4+ 31. Kh1 Bd4 32. Nh3 Bc8 33. Ng5 Bd7 34. Bh3 Rb7 35.
Bxg4 hxg4 36. Ne3 Rfb8 37. Rb1 Qf6 38. Rfd1 Ng6 39. Kg2 Nf8 40. Rh1 a5 41. Rhc1
a4 42. Bc3 Rxb3 43. Rxb3 Rxb3 0-1

[Event "26th WSCC 2016 Open 50+"]
[Site "Marianske Lazne, Czech Republic - Hotel Cristal and Continental"]
[Date "2016.11.27"]
[Round "8.26"]
[White "Gueci, Riccardo"]
[Black "Habibi, Ali"]
[Result "1/2-1/2"]
[WhiteElo "2121"]
[BlackElo "2225"]
[PlyCount "60"]
[EventDate "2016.11.19"]

1. c4 e5 2. g3 Nc6 3. Bg2 f5 4. Nc3 Nf6 5. e3 g6 6. d3 Bg7 7. Nge2 O-O 8. b3 d6
9. Bb2 Be6 10. Nd5 Bxd5 11. cxd5 Ne7 12. e4 c5 13. dxc6 bxc6 14. O-O Qb6 15. h3
Nh5 16. Bf3 Nf6 17. Bg2 Rad8 18. Qc2 Kh8 19. d4 Nxe4 20. dxe5 dxe5 21. Bxe4
fxe4 22. Qxe4 Qc7 23. Rac1 Rd2 24. Rc2 Rxc2 25. Qxc2 Nf5 26. Qe4 Qd6 27. Rc1
Qd5 28. Nc3 Qd4 29. Qxd4 Nxd4 30. Kg2 Rc8 1/2-1/2

[Event "26th WSCC 2016 Open 50+"]
[Site "Marianske Lazne, Czech Republic - Hotel Cristal and Continental"]
[Date "2016.11.27"]
[Round "8.27"]
[White "Kilicaslan, Hasan"]
[Black "Daneri, Martin"]
[Result "1-0"]
[WhiteElo "2225"]
[BlackElo "2113"]
[PlyCount "95"]
[EventDate "2016.11.19"]

1. d4 Nf6 2. Nf3 c5 3. e3 b6 4. c4 e6 5. Nc3 Be7 6. d5 exd5 7. cxd5 d6 8. Bd3
a6 9. a4 Bg4 10. h3 Bxf3 11. gxf3 Nh5 12. f4 g6 13. Rg1 Bh4 14. Qg4 Nd7 15. Bd2
Rf8 16. Qe2 Qc8 17. e4 Kd8 18. Kd1 Re8 19. Be3 Bf6 20. f3 Bd4 21. Re1 Bxe3 22.
Qxe3 Kc7 23. Bb5 Re7 24. Bc6 Ra7 25. Kc2 f6 26. Reb1 c4 27. a5 Qb8 28. axb6+
Qxb6 29. Nb5+ Kb8 30. Qxb6+ Nxb6 31. Nxd6 Nxf4 32. b3 c3 33. Nc4 Nc8 34. b4 Kc7
35. b5 axb5 36. Bxb5 Rxa1 37. Rxa1 f5 38. Ra6 fxe4 39. fxe4 Rxe4 40. d6+ Nxd6
41. Rc6+ Kb8 42. Nxd6 Re3 43. Rc8+ Ka7 44. Bc6 Rxh3 45. Nc4 Rh2+ 46. Kxc3 Rh3+
47. Kc2 Rh2+ 48. Kb1 1-0

[Event "26th WSCC 2016 Open 50+"]
[Site "Marianske Lazne, Czech Republic - Hotel Cristal and Continental"]
[Date "2016.11.27"]
[Round "8.28"]
[White "Mohapl, Petr"]
[Black "Schatz, Christian"]
[Result "0-1"]
[WhiteElo "2066"]
[BlackElo "2218"]
[PlyCount "80"]
[EventDate "2016.11.19"]

1. d4 Nf6 2. c4 c5 3. d5 b5 4. cxb5 a6 5. bxa6 d6 6. Nf3 g6 7. g3 Bg7 8. Nc3
Bxa6 9. e4 Qa5 10. Bd2 O-O 11. Qc2 Bxf1 12. Kxf1 Na6 13. Kg2 Nb4 14. Qb1 Qa6
15. a3 Nd3 16. Qc2 Rfb8 17. Rhb1 Ng4 18. Be1 Nge5 19. Nxe5 Bxe5 20. Bd2 Bd4 21.
Nd1 Nxf2 22. Nxf2 Qe2 23. Qd3 Qxf2+ 24. Kh3 Rxb2 25. Rxb2 Bxb2 26. Rf1 Qd4 27.
Qe2 Qe5 28. Rb1 Bd4 29. Qd3 f5 30. exf5 Qxf5+ 31. Qxf5 gxf5 32. Rf1 Rxa3 33.
Rxf5 Bf6 34. Bf4 Kg7 35. Kg4 c4 36. Kh5 c3 37. Bc1 Ra1 38. Bh6+ Kf7 39. Rf2 Rd1
40. Be3 Rxd5+ 0-1

[Event "26th WSCC 2016 Open 50+"]
[Site "Marianske Lazne, Czech Republic - Hotel Cristal and Continental"]
[Date "2016.11.27"]
[Round "8.29"]
[White "Barron, Michael"]
[Black "Semakoff, Aleks"]
[Result "0-1"]
[WhiteElo "2189"]
[BlackElo "2084"]
[PlyCount "64"]
[EventDate "2016.11.19"]

1. e4 d5 2. exd5 Nf6 3. d4 Bg4 4. f3 Bf5 5. c4 e6 6. Qb3 exd5 7. Qxb7 Nbd7 8.
c5 Bxc5 9. dxc5 O-O 10. Bf4 Qe7+ 11. Be2 Nxc5 12. Qxc7 Nd3+ 13. Kf1 Qxc7 14.
Bxc7 Rac8 15. g4 Rxc7 16. gxf5 Rc1+ 17. Kg2 Nf4+ 18. Kf2 Nxe2 19. Kxe2 Re8+ 20.
Kd2 Ree1 21. Ne2 Rcd1+ 22. Kc2 Rxh1 23. Nec3 Rc1+ 24. Kd3 Rxh2 25. b4 h5 26. a4
Rb2 27. b5 h4 28. a5 Nd7 29. b6 a6 30. Kd4 h3 31. Kxd5 h2 32. Kd6 h1=Q 0-1

[Event "26th WSCC 2016 Open 50+"]
[Site "Marianske Lazne, Czech Republic - Hotel Cristal and Continental"]
[Date "2016.11.27"]
[Round "8.30"]
[White "Vepkhvishvili, Varlam"]
[Black "Maslak, Alexander"]
[Result "1/2-1/2"]
[WhiteElo "2086"]
[BlackElo "2186"]
[PlyCount "119"]
[EventDate "2016.11.19"]

1. e4 c5 2. Nc3 Nc6 3. Nge2 g6 4. d4 cxd4 5. Nxd4 Bg7 6. Be3 Nf6 7. Be2 O-O 8.
Nb3 a5 9. a4 Nb4 10. f4 d5 11. e5 Ne4 12. Nxe4 dxe4 13. Nc5 Nd5 14. Bc1 f5 15.
O-O e6 16. Nb3 g5 17. g3 gxf4 18. gxf4 Bh6 19. c4 Bxf4 20. cxd5 Bxh2+ 21. Kxh2
Qh4+ 22. Kg2 Kh8 23. Rf4 Rg8+ 24. Bg4 exd5 25. Nd4 Ra6 26. e6 Bxe6 27. Nxe6
Rxe6 28. Be3 Rxg4+ 29. Rxg4 fxg4 30. Bd4+ Kg8 31. Qh1 Qg5 32. Qe1 Qf4 33. Qe3
Qf3+ 34. Qxf3 gxf3+ 35. Kf2 Rh6 36. Rg1+ Kf7 37. Rg7+ Ke6 38. Rxb7 Rh2+ 39. Ke1
e3 40. Bxe3 Re2+ 41. Kf1 Rxe3 42. Kf2 Rd3 43. Rxh7 Rb3 44. Ra7 Ke5 45. Rxa5
Rxb2+ 46. Kxf3 Kd4 47. Ra8 Kd3 48. a5 d4 49. a6 Rb6 50. a7 Rf6+ 51. Kg2 Rf7 52.
Kg1 Rd7 53. Kf2 Kd2 54. Kf3 d3 55. Ke4 Rc7 56. Kd5 Kc2 57. Kd6 Rc3 58. Ke5 d2
59. Rd8 Ra3 60. Rc8+ 1/2-1/2

[Event "26th WSCC 2016 Open 50+"]
[Site "Marianske Lazne, Czech Republic - Hotel Cristal and Continental"]
[Date "2016.11.27"]
[Round "8.31"]
[White "Boulard, Eric"]
[Black "Malinovsky, Petr"]
[Result "1-0"]
[WhiteElo "2245"]
[BlackElo "1957"]
[PlyCount "61"]
[EventDate "2016.11.19"]

1. e4 c5 2. Nf3 e6 3. d4 cxd4 4. Nxd4 Nf6 5. Nc3 Nc6 6. Ndb5 Bc5 7. Nd6+ Ke7 8.
Bf4 e5 9. Nf5+ Kf8 10. Bg5 d6 11. Bd3 Bb4 12. O-O Bxc3 13. bxc3 h6 14. Bd2 Bxf5
15. exf5 d5 16. Rb1 Qd7 17. c4 Rd8 18. cxd5 Nxd5 19. Qf3 f6 20. Rfd1 Kg8 21.
Be3 Kh7 22. Be4 Nd4 23. Bxd4 exd4 24. Rxd4 Rhe8 25. Rxd5 Qc7 26. Rxd8 Qxd8 27.
h3 b6 28. Bd5 Re5 29. Bf7 Qc8 30. Bg6+ Kh8 31. Rd1 1-0

[Event "26th WSCC 2016 Open 50+"]
[Site "Marianske Lazne, Czech Republic - Hotel Cristal and Continental"]
[Date "2016.11.27"]
[Round "8.32"]
[White "Cafolla, Peter"]
[Black "Kolesar, Milan"]
[Result "0-1"]
[WhiteElo "1996"]
[BlackElo "2194"]
[PlyCount "82"]
[EventDate "2016.11.19"]

1. e4 c5 2. Nf3 d6 3. Bb5+ Nc6 4. O-O Bd7 5. Re1 Nf6 6. c3 a6 7. Bf1 Bg4 8. h3
Bxf3 9. Qxf3 g6 10. Na3 Bg7 11. d3 O-O 12. Bg5 h6 13. Be3 Rc8 14. Rac1 b5 15.
Nc2 Qa5 16. a3 Qa4 17. Qd1 Nd7 18. Qd2 Kh7 19. Be2 Qa5 20. Ra1 Qc7 21. Rab1 Nb6
22. Bg4 e6 23. f4 f5 24. exf5 exf5 25. Bf3 Rfe8 26. Qf2 Qf7 27. Re2 Ne7 28.
Rbe1 Ned5 29. Bc1 Nf6 30. g3 Na4 31. Qg2 Rxe2 32. Rxe2 d5 33. g4 c4 34. dxc4
bxc4 35. gxf5 gxf5 36. Nd4 Ne4 37. Be3 Nac5 38. Kh1 Rg8 39. Kh2 Bxd4 40. Bxd4
Rxg2+ 41. Rxg2 Nd3 0-1

[Event "26th WSCC 2016 Open 50+"]
[Site "Marianske Lazne, Czech Republic - Hotel Cristal and Continental"]
[Date "2016.11.27"]
[Round "8.33"]
[White "Borovicka, Bohumil"]
[Black "Folk, Petr"]
[Result "1/2-1/2"]
[WhiteElo "1991"]
[BlackElo "2182"]
[PlyCount "77"]
[EventDate "2016.11.19"]

1. d4 Nf6 2. Nf3 e6 3. e3 c5 4. Bd3 b6 5. O-O Bb7 6. c4 Be7 7. Nc3 cxd4 8. exd4
O-O 9. d5 Bb4 10. Ne4 exd5 11. Nxf6+ Qxf6 12. cxd5 Na6 13. Qa4 Nc5 14. Bxh7+
Kxh7 15. Qxb4 Bxd5 16. Ng5+ Kg8 17. Qh4 Qg6 18. Rd1 Rfe8 19. Be3 Bc6 20. Qg3 f6
21. Nf3 Qxg3 22. hxg3 Ne4 23. g4 Kf7 24. Nd4 g6 25. Rac1 Rac8 26. Bf4 Nc5 27.
f3 Ne6 28. Nxe6 Rxe6 29. Kf2 g5 30. Bg3 Rce8 31. Re1 Rxe1 32. Rxe1 Re6 33. Rxe6
Kxe6 34. Bc7 d6 35. Bd8 Ke5 36. Ke3 d5 37. Bc7+ Ke6 38. Bb8 Kd7 39. a3 1/2-1/2

[Event "26th WSCC 2016 Open 50+"]
[Site "Marianske Lazne, Czech Republic - Hotel Cristal and Continental"]
[Date "2016.11.27"]
[Round "8.34"]
[White "Fox, Anthony"]
[Black "Madeira, Wagner Martins"]
[Result "1-0"]
[WhiteElo "1986"]
[BlackElo "2172"]
[PlyCount "65"]
[EventDate "2016.11.19"]

1. e4 e5 2. Nf3 Nc6 3. Nc3 Nf6 4. Bb5 Bb4 5. O-O O-O 6. d3 d6 7. Ne2 Ne7 8. c3
Ba5 9. Ng3 Ng6 10. Re1 a6 11. Ba4 b5 12. Bb3 c5 13. a3 h6 14. Ba2 Qc7 15. h3
Bd7 16. Bd2 Rfc8 17. Rc1 Bb6 18. d4 a5 19. Nf5 Be6 20. Bb1 Rd8 21. g4 Nh7 22.
d5 Bc8 23. g5 hxg5 24. Nxg5 c4 25. Nxh7 Kxh7 26. Qh5+ Kg8 27. Bg5 Rf8 28. Nxg7
f6 29. Ne8 Rxe8 30. Qxg6+ Kf8 31. Qxf6+ Kg8 32. Qg6+ Kf8 33. Bh6+ 1-0

[Event "26th WSCC 2016 Open 50+"]
[Site "Marianske Lazne, Czech Republic - Hotel Cristal and Continental"]
[Date "2016.11.27"]
[Round "8.35"]
[White "Bartos, Jan"]
[Black "Ptacnik, Stanislav"]
[Result "1-0"]
[WhiteElo "2151"]
[BlackElo "2037"]
[PlyCount "43"]
[EventDate "2016.11.19"]

1. d4 Nf6 2. Nf3 c5 3. d5 e6 4. c4 exd5 5. cxd5 d6 6. Nc3 g6 7. h3 Bg7 8. e4
O-O 9. Bd3 Na6 10. O-O Nc7 11. Bf4 b5 12. Nxb5 Nxb5 13. Bxb5 Nxe4 14. Qa4 Rb8
15. Bd3 Rb4 16. Qxa7 Qf6 17. Bc1 Bf5 18. Re1 Re8 19. a3 Rbb8 20. Qa4 Ra8 21.
Qc2 Ng3 22. Rxe8+ 1-0

[Event "26th WSCC 2016 Open 50+"]
[Site "Marianske Lazne, Czech Republic - Hotel Cristal and Continental"]
[Date "2016.11.27"]
[Round "8.36"]
[White "Horak, Vladimir"]
[Black "Agusto, Obafunmilayo"]
[Result "1/2-1/2"]
[WhiteElo "1961"]
[BlackElo "2144"]
[PlyCount "34"]
[EventDate "2016.11.19"]

1. d4 Nf6 2. c4 e6 3. Nc3 Bb4 4. Qc2 c5 5. e3 O-O 6. a3 Bxc3+ 7. bxc3 Nc6 8.
Nf3 d6 9. Bd3 e5 10. dxe5 dxe5 11. Ng5 h6 12. Ne4 Nxe4 13. Bxe4 Be6 14. Bxc6
bxc6 15. O-O Bxc4 16. Rd1 Qh4 17. e4 Rab8 1/2-1/2

[Event "26th WSCC 2016 Open 50+"]
[Site "Marianske Lazne, Czech Republic - Hotel Cristal and Continental"]
[Date "2016.11.27"]
[Round "8.37"]
[White "Christiansen, Arne"]
[Black "Tiedt, Gunter"]
[Result "1/2-1/2"]
[WhiteElo "2133"]
[BlackElo "2020"]
[PlyCount "31"]
[EventDate "2016.11.19"]

1. d4 d5 2. c4 e6 3. Nc3 Nf6 4. cxd5 exd5 5. Bg5 Be7 6. e3 c6 7. Nf3 Bf5 8. Bd3
Bxd3 9. Qxd3 Nbd7 10. O-O O-O 11. Bxf6 Bxf6 12. Rac1 Be7 13. Ne2 Bd6 14. Ng3
Bxg3 15. hxg3 Nf6 16. b4 1/2-1/2

[Event "26th WSCC 2016 Open 50+"]
[Site "Marianske Lazne, Czech Republic - Hotel Cristal and Continental"]
[Date "2016.11.27"]
[Round "8.38"]
[White "Guner, Bulent"]
[Black "Spiess, Thomas"]
[Result "1/2-1/2"]
[WhiteElo "2130"]
[BlackElo "1999"]
[PlyCount "50"]
[EventDate "2016.11.19"]

1. d4 d5 2. c4 c6 3. Nf3 Nf6 4. e3 Bg4 5. Qb3 Qb6 6. Ne5 Be6 7. c5 Qxb3 8. axb3
Nbd7 9. Nxd7 Bxd7 10. b4 a6 11. Nc3 Rd8 12. Bd3 g6 13. f4 Bg7 14. O-O Bf5 15.
Be2 Ne4 16. Nxe4 Bxe4 17. Bd2 O-O 18. Bc3 h5 19. g3 Bf5 20. Kg2 Be4+ 21. Bf3
Bxf3+ 22. Rxf3 f5 23. h3 Kf7 24. Rg1 Rh8 25. Kf1 Bf6 1/2-1/2

[Event "26th WSCC 2016 Open 50+"]
[Site "Marianske Lazne, Czech Republic - Hotel Cristal and Continental"]
[Date "2016.11.27"]
[Round "8.39"]
[White "Kucera, Jiri"]
[Black "Babar, Michael"]
[Result "1/2-1/2"]
[WhiteElo "1958"]
[BlackElo "2129"]
[PlyCount "127"]
[EventDate "2016.11.19"]

1. e4 d6 2. d4 Nd7 3. Nf3 e6 4. c4 g6 5. Bg5 f6 6. Be3 Nh6 7. h3 Nf7 8. Qd2 Bg7
9. h4 e5 10. h5 exd4 11. Nxd4 Nc5 12. hxg6 hxg6 13. Rxh8+ Bxh8 14. Nc3 b6 15.
Be2 Qd7 16. f4 Bb7 17. Bf3 O-O-O 18. Qc2 Qe8 19. b4 Ne6 20. O-O-O Kb8 21. f5
Nxd4 22. Bxd4 Ne5 23. Nd5 gxf5 24. exf5 Nxf3 25. gxf3 Bxd5 26. cxd5 Qb5 27. Qc3
Re8 28. Rd2 Bg7 29. Rc2 Re7 30. Qc4 Bh6+ 31. Kb2 Qxc4 32. Rxc4 Be3 33. Bxf6 Rf7
34. Bh4 Rxf5 35. Bd8 Rf7 36. f4 b5 37. Re4 Bxf4 38. Re7 Rxe7 39. Bxe7 Kc8 40.
Kc2 Kd7 41. Bf6 c6 42. dxc6+ Kxc6 43. Kd3 a6 44. Bc3 Kd5 45. Be1 Bc1 46. Bc3
Bf4 47. Be1 Bh2 48. Bc3 Bg3 49. Bd2 Bf2 50. Bc3 Bg3 51. Bd2 Be5 52. Be1 Bb2 53.
Bd2 Ke5 54. Bh6 Kf5 55. Bd2 d5 56. Be3 Ke5 57. Bh6 d4 58. Bg7+ Kd5 59. Bf6 Bc3
60. Be7 a5 61. bxa5 Bxa5 62. Bf6 Bc3 63. Be7 b4 64. Bf8 1/2-1/2